| 000 | 00702nam a22001937a 4500 | ||
|---|---|---|---|
| 003 | OSt | ||
| 005 | 20240615094432.0 | ||
| 008 | 240615b ||||| |||| 00| 0 eng d | ||
| 040 | _cAIMIT LIBRARY | ||
| 100 |
_aBhavya, K C. _e2116081 _9170911 |
||
| 245 |
_aExamination of the link between work life balance practices and employee retention at nikshan electronics Kannur / _cBy K C Bhavya ; Dhananjaya K. |
||
| 260 |
_aKannur ; _c2023. |
||
| 650 |
_aIndustry profile company profile and introduction to study _9170912 |
||
| 650 |
_aLiterature review _9170913 |
||
| 650 |
_aResearch methodology _9170914 |
||
| 700 |
_aK Dhananjaya. _eGuide _9170915 |
||
| 856 | _3Nikshan electronics | ||
| 942 |
_2ddc _cPRO |
||
| 999 |
_c231188 _d231188 |
||